Desarrollo de un sistema psicosométrico, características psicológicas y académicas de la población parauniversitaria, en el área preescolar /
Guardado en:
| Hovedforfatter: | |
|---|---|
| Format: | Bog |
| Sprog: | Spanish |
| Fag: | |
| Tags: |
Tilføj Tag
Ingen Tags, Vær først til at tagge denne postø!
|
MARC
| LEADER | 00000nam a22000007a 4500 | ||
|---|---|---|---|
| 003 | cru IIS | ||
| 005 | 20231020062558.0 | ||
| 007 | ta | ||
| 008 | 220718b |||||||| |||| 00| 0 spa d | ||
| 040 | |c cru IIS | ||
| 100 | 1 | |9 9397 |a Morales Martínez, Marietta |e Autora | |
| 245 | 1 | |a Desarrollo de un sistema psicosométrico, características psicológicas y académicas de la población parauniversitaria, en el área preescolar / |c Marietta Morales M. | |
| 300 | |a 43 páginas : |b tablas | ||
| 500 | |a Colección Centroamérica | ||
| 650 | 0 | |9 5250 |a MEDICION | |
| 650 | 0 | |a PSICOLOGIA |9 3105 | |
| 650 | 0 | |9 5721 |a ENSEÑANZA PRIMARIA | |
| 650 | 0 | |9 2776 |a RENDIMIENTO DE LA EDUCACIÓN | |
| 650 | 0 | |9 3616 |a GRUPOS POPULARES | |
| 650 | 0 | |9 944 |a EDUCACION | |
| 651 | 0 | |9 32 |a COSTA RICA | |
| 773 | 0 | |0 18811 |9 3280 |a Universidad de Costa Rica. Instituto de Investigaciones en Psicología |d San José, C.R.: Editorial de la UCR |o 03602 |t Actualidades en Psicología / | |
| 942 | |2 ddc |c PP | ||
| 999 | |c 44392 |d 44392 | ||
